000 01838cam a2200337 i 4500
001 40073
003 Mx-PuUPA
005 20260216092127.0
008 140415s2016 mx a gr 001 0 spa d
020 _a9786071726827
040 _cMx-PuUPA
_aMx-PuUPA
_bspa
_dMx-PuUPA
_erda
041 0 _aspa
100 1 _aRocha Romero, Raúl,
_eautor
_917075
245 1 0 _aAnálisis político :
_bperspectivas teórico-metodológicas /
_cRaúl Rocha Romero
250 _aPrimera edición /
_bmayo
264 1 _aMéxico, Ciudad de México :
_bEditorial Trillas,
_c2016
300 _a197 páginas :
_bgráficas, tablas ;
_c23 cm
336 _2rdacontent
_atexto
_btxt
337 _2rdamedia
_asin medio
_bn
338 _2rdacarrier
_avolumen
_bnc
500 _a"El cambio político en México ; Prospectiva política ; Cultura política". --Cubierta
505 0 _aCon: "Lógica y dinámica del cambio político en México ; El nuevo institucionalismo: el estudio político de las instituciones ; Teoría de juegos: el pensamiento estratégico ; Prospectiva política: construcción y análisis de escenarios ; Cultura política: instituciones y subjetividad política". -- Contracubierta.
650 7 _2armarc
_aCiencias políticas
_xEstudio y enseñanza
942 _2ddc
_cLI
_h320.01
_iR66
999 _c40073
_d40073